[Event "Reunion op 07th"]
[Site "Reunion"]
[Date "2004.10.11"]
[Round "4"]
[White "Frat, Jean Philippe"]
[Black "Farnier, Alain"]
[Result "1-0"]
[WhiteElo "1499"]
[BlackElo "1250"]
[PlyCount "69"]
[EventDate "2004.10.09"]
[EventType "swiss"]
[EventRounds "9"]
[EventCountry "RUF"]
[SourceTitle "CBM 102 Extra"]
[Source "ChessBase"]
[SourceDate "2004.11.03"]
[SourceVersion "1"]
[SourceVersionDate "2004.11.03"]
[SourceQuality "1"]

1. e4 e6 2. d4 Ne7 3. Nc3 a6 4. Bc4 b5 5. Bd3 c6 6. e5 Nd5 7. Nxd5 cxd5 8. Ne2 h6 9. Nf4 Nc6 10. c3 Qe7 11. a3 g6 12. g3 Bb7 13. b4 Kd8 14. h4 Kc7 15. a4 Na7 16. a5 Bg7 17. Ba3 Qe8 18. h5 g5 19. Ne2 Nc8 20. g4 Ne7 21. Qb3 f5 22. Rc1 fxg4 23. Rg1 Qxh5 24. Ng3 Qf7 25. c4 dxc4 26. Bxc4 bxc4 27. Qxc4+ Nc6 28. Qc5 Rhf8 29. Qb6+ Kc8 30. Ne4 Kb8 31. Nd6 Qxf2+ 32. Kd1 Qxg1+ 33. Kc2 Qf2+ 34. Kb1 Qxd4 35. Qxb7# 1-0

[Event "Reunion op 07th"]
[Site "Reunion"]
[Date "2004.10.09"]
[Round "1"]
[White "Letreguilly, Olivier"]
[Black "Frat, Jean Philippe"]
[Result "1-0"]
[WhiteElo "2283"]
[BlackElo "1499"]
[PlyCount "59"]
[EventDate "2004.10.09"]
[EventType "swiss"]
[EventRounds "9"]
[EventCountry "RUF"]
[SourceTitle "CBM 102 Extra"]
[Source "ChessBase"]
[SourceDate "2004.11.03"]
[SourceVersion "1"]
[SourceVersionDate "2004.11.03"]
[SourceQuality "1"]

1. d4 Nf6 2. c4 c6 3. Nf3 d6 4. Nc3 e6 5. e4 Nfd7 6. Bf4 Be7 7. Qd2 h6 8. h4 Nf8 9. 0-0-0 Nbd7 10. Kb1 a6 11. c5 Qc7 12. cxd6 Bxd6 13. Bxd6 Qxd6 14. e5 Qc7 15. Ne4 Nh7 16. Nd6+ Kf8 17. Bd3 f5 18. h5 c5 19. Nh4 cxd4 20. Rc1 Nc5 21. b4 b6 22. bxc5 bxc5 23. Ka1 Rb8 24. Qf4 Qb6 25. Rb1 Qa7 26. Qxf5+ exf5 27. Ng6+ Kg8 28. Bc4+ Be6 29. Bxe6+ Qf7 30. Bxf7# 1-0